15 MAIORES PAÍSES DO MUNDO - Statistics

Estatísticas Gerais
  • Esse quiz foi jogado 267 vezes
  • A pontuação média é 13 de 15
Estatísticas das Respostas
Tamanho Resposta % Correto
8,5M km² Brasil
100%
17M km² Rússia
100%
9,9M km² Canadá
99%
9,5M km² China
99%
9,8M km² Estados Unidos
99%
7,7M km² Austrália
94%
2,78M km² Argentina
92%
3,2M km² índia
88%
1,96M km² México
88%
2,72M km² Cazaquistão
77%
2,38M km² Argélia
71%
2,14M km² Arábia Saudita
70%
1,90M km² Indonésia
68%
2,34M km² República Democrática do Congo
67%
1,88M km² Sudão
54%
Nenhum quiz correspondente encontrado
Distribuição das Pontuações
Porcentagem de Pessoas com Cada Pontuação
Percentil de Números Respondidos
Sua Pontuação Histórica
Você não jogou esse quiz